| 000 | 00527cam a2200169 4500 | ||
|---|---|---|---|
| 001 | J100570 | ||
| 008 | 000000n1998 000 0 eng u | ||
| 035 | _a(Sirsi) u100211 | ||
| 041 | _aENG | ||
| 110 |
_aJoint Contracts Tribunal _93664 |
||
| 245 | _aStandard form of measured term contract 1998 edition. Amendment 1. Construction Industry Scheme (CIS). | ||
| 260 |
_aLondon _bRIBA Publications _c1998 |
||
| 300 | _a4p. ; 30cm. | ||
| 650 | _aJCT STANDARD FORM OF BUILDING CONTRACT | ||
| 690 |
_aContracts _96232 |
||
| 942 | _n0 | ||
| 999 |
_c99651 _d99651 |
||